[Event "FRA-chT U20 0203"]
[Site "Clichy"]
[Date "2003.05.04"]
[Round "11.9"]
[White "Gattullo, Ellia"]
[Black "Martins, Vincent"]
[Result "1-0"]
[WhiteElo "1490"]
[BlackElo "1410"]
[PlyCount "71"]
[EventDate "2002.12.??"]
[EventType "team"]
[EventRounds "11"]
[EventCountry "FRA"]
[SourceTitle "EXT 2004"]
[Source "ChessBase"]
[SourceDate "2003.11.25"]
[SourceVersion "1"]
[SourceVersionDate "2003.11.25"]
[SourceQuality "1"]
[WhiteTeam "Neuilly"]
[BlackTeam "Clichy"]
[WhiteTeamCountry "FRA"]
[BlackTeamCountry "FRA"]

1. c4 e5 2. Nc3 Nf6 3. g3 Bb4 4. Bg2 Bxc3 5. bxc3 Nc6 6. e3 0-0 7. Ne2 d6 8. 0-0 Be6 9. d3 Qd7 10. Re1 Bh3 11. d4 Be6 12. d5 Bxd5 13. cxd5 Ne7 14. e4 c6 15. c4 cxd5 16. cxd5 Rac8 17. Be3 b6 18. h3 h6 19. Qd3 Qa4 20. a3 Rc4 21. Rac1 Rfc8 22. Rxc4 Rxc4 23. Rc1 Rxc1+ 24. Nxc1 Qa5 25. Bd2 Qa4 26. Qb3 Qd4 27. Qb4 Qxb4 28. axb4 Nd7 29. Kf1 f5 30. f3 Kf8 31. Ke2 Kf7 32. Kd3 g5 33. Kc4 a6 34. h4 b5+ 35. Kd3 Nb6 36. hxg5 1-0

[Event "FRA-chT U20 0203"]
[Site "Clichy"]
[Date "2003.01.05"]
[Round "7.8"]
[White "Martins, Vincent"]
[Black "Sarfati, Johan"]
[Result "1-0"]
[WhiteElo "1350"]
[BlackElo "1300"]
[PlyCount "85"]
[EventDate "2002.12.??"]
[EventType "team"]
[EventRounds "11"]
[EventCountry "FRA"]
[SourceTitle "EXT 2004"]
[Source "ChessBase"]
[SourceDate "2003.11.25"]
[SourceVersion "1"]
[SourceVersionDate "2003.11.25"]
[SourceQuality "1"]
[WhiteTeam "Clichy"]
[BlackTeam "Montpellier"]
[WhiteTeamCountry "FRA"]
[BlackTeamCountry "FRA"]

1. e4 e5 2. Nf3 Nc6 3. Bc4 Nf6 4. Nc3 Bb4 5. d3 d5 6. exd5 Nxd5 7. Bd2 Nxc3 8. Bxc3 Bd6 9. 0-0 Bg4 10. h3 Bh5 11. Re1 Qe7 12. Re3 0-0-0 13. Bd5 f6 14. Be4 Rdf8 15. Qd2 Bf7 16. Bxc6 bxc6 17. a3 h5 18. Bb4 g5 19. Nh2 Rh7 20. Bxd6 cxd6 21. Qc3 Qc7 22. b4 Rfh8 23. Qb2 g4 24. c4 Be6 25. h4 f5 26. g3 Qf7 27. b5 c5 28. b6 a6 29. Qc3 Kb7 30. Nf1 Rf8 31. Ree1 f4 32. Ra2 Qg6 33. Nd2 Qf6 34. Ne4 Qe7 35. Ng5 Rh6 36. Ne4 Bf5 37. Qa5 Bxe4 38. Rxe4 Rhf6 39. gxf4 Rxf4 40. Rxf4 Rxf4 41. Rb2 Qf6 42. Qd2 g3 43. Qe1 1-0

[Event "FRA-chT U20 0203"]
[Site "Clichy"]
[Date "2003.01.03"]
[Round "4.9"]
[White "Martins, Vincent"]
[Black "Ledouble, Ugo"]
[Result "1-0"]
[WhiteElo "1350"]
[BlackElo "1009"]
[PlyCount "73"]
[EventDate "2002.12.??"]
[EventType "team"]
[EventRounds "11"]
[EventCountry "FRA"]
[SourceTitle "EXT 2004"]
[Source "ChessBase"]
[SourceDate "2003.11.25"]
[SourceVersion "1"]
[SourceVersionDate "2003.11.25"]
[SourceQuality "1"]
[WhiteTeam "Clichy"]
[BlackTeam "Cannes"]
[WhiteTeamCountry "FRA"]
[BlackTeamCountry "FRA"]

1. e4 e5 2. Nc3 Nf6 3. Nf3 Nc6 4. Bc4 Bc5 5. 0-0 0-0 6. d3 d6 7. h3 h6 8. Be3 Bb6 9. Qd2 Qe7 10. Bxb6 axb6 11. d4 exd4 12. Nxd4 Nxd4 13. Qxd4 c5 14. Qd2 Nxe4 15. Nxe4 Qxe4 16. Bd3 Qd4 17. c3 Qd5 18. a3 Qc6 19. Rae1 b5 20. Re3 b4 21. cxb4 cxb4 22. Qxb4 b6 23. Qd2 Bb7 24. Rg3 d5 25. Rc1 Qf6 26. Rc7 Rab8 27. Qe3 d4 28. Qd2 Bd5 29. Qb4 Rbe8 30. Rg4 Re5 31. Rxd4 Qg5 32. Rg4 Qc1+ 33. Rxc1 f5 34. Rg3 f4 35. Rg4 b5 36. Qxb5 Bxg2 37. Qxe5 1-0